<?xml version="1.0" encoding="UTF-8"?><collection xmlns="info:lc/xmlns/marcxchange-v2"><record format="Unimarc" type="bibliographic"><leader>00567nam  2200181   450 </leader><controlfield tag="001">2249610</controlfield><controlfield tag="003">http://id.bnportugal.gov.pt/bib/porbase/2249610</controlfield><controlfield tag="005">20091013153732.0</controlfield><datafield ind1=" " ind2=" " tag="010"><subfield code="a">9781843545910</subfield></datafield><datafield ind1=" " ind2=" " tag="035"><subfield code="a">MARBC_BC_188.iso/28-01-2010/64030</subfield></datafield><datafield ind1=" " ind2=" " tag="100"><subfield code="a">20090907d2008    m  y0pory0103    ba</subfield></datafield><datafield ind1="0" ind2=" " tag="101"><subfield code="a">eng</subfield></datafield><datafield ind1=" " ind2=" " tag="102"><subfield code="a">GB</subfield></datafield><datafield ind1="1" ind2=" " tag="200"><subfield code="a">Four weeks in May</subfield><subfield code="e">&lt;a &gt;captain´s story of war at sea</subfield><subfield code="f">David Hart Dyke</subfield></datafield><datafield ind1=" " ind2=" " tag="210"><subfield code="a">London</subfield><subfield code="c">Atlantic Books</subfield><subfield code="d">[2008]</subfield></datafield><datafield ind1=" " ind2=" " tag="215"><subfield code="a">XXVI, [2], 272 p.</subfield><subfield code="c">il</subfield><subfield code="d">20 cm</subfield></datafield><datafield ind1=" " ind2=" " tag="675"><subfield code="a">355.48(82+410)"1982"</subfield><subfield code="v">BN</subfield><subfield code="z">por</subfield></datafield><datafield ind1=" " ind2="1" tag="700"><subfield code="a">Dyke</subfield><subfield code="b">David Hart</subfield></datafield><datafield ind1=" " ind2="0" tag="801"><subfield code="a">PT</subfield><subfield code="b">MARBC</subfield><subfield code="g">RPC</subfield></datafield></record></collection>